=LDR 00000nam 2200000 4500 =001 000224 =005 20250710114310 =035 ##$$a 0010-0725000037 =245 1#$$a Rumah Bolon /$c Tengku Syarfina =100 #$$a Syarfina, Tengku =250 ##$$a Edisi pertama =300 ##$$a 24 hlm. : $b ilus. ; $c 29,7 cm$e 398.209 598 12 =856 ##$$a TBM As Suhada =260 ##$$a Jakarta Timur :$b Badan Pengembangan dan Pembinaan Bahasa,$c 2021 =082 ##$$a 398.209 598 12 =084 ##$$a 398.209 598 12 SYA r =020 ##$$a 978-623-307-046-1 =650 #4$$a Cerita Anak - Sumatera Utara =650 #4$$a Komik